| 000 -ლიდერი |
| ფიქსირებული სიგრძის საკონტროლო ველი |
01532nam a2200289Ia 4500 |
| 001 - საკონტროლო ნომერი |
| საკონტროლო ველი |
7080 |
| 003 - საკონტროლო ნომრის იდენტიფიკატორი |
| საკონტროლო ველი |
GE_BSU |
| 005 - ბოლო ოპერაციის თარიღი და დრო |
| საკონტროლო ველი |
20221026121727.0 |
| 008 - ფიქსირებული სიგრძის მონაცემთა ელემენტები - ზოგადი ინფორმაცია |
| ფიქსირებული სიგრძის საკონტროლო ველი |
181216s2009||||ge |||||||||||||| ||geo|| |
| 020 ## - წიგნის საერთაშორისო სტანდარტული ნომერი |
| International Standard Book Number |
9789941906725 |
| 040 ## - კატალოგიზაციის წყარო |
| Transcribing agency |
GE_BSU |
| 041 ## - ენის კოდი |
| Language code of text/sound track or separate title |
geo |
| 080 ## - უნივერსალური ათობითი კლასიფიკაციის ინდექსი |
| Universal Decimal Classification number |
821.353.1-13 ა-76 |
| 100 ## - მთავარი ჩანაწერი - პიროვნების სახელი |
| Personal name |
არაბული, ავთანდილ |
| Titles and other words associated with a name |
|
| 9 (RLIN) |
316 |
| 245 ## - ცნობა სათაურის შესახებ |
| Title |
"ვეფხისტყაოსანს" მოგითხრობენ ავთანდილ არაბული და მამია მალაზონია / |
| Statement of responsibility, etc |
[ტექსტის ავტ. ავთანდილ არაბული ; ილ. მამია მალაზონია ; მთ. რედ. ლევან ღვინჯილია]. |
| 264 ## - წარმოების, გამოცემის, დისტრიბუციის და სხვა ცნობები |
| გამოცემის, წარმოების, დისტრიბუციის... ადგილი |
თბილისი : |
| გამოცემის, წარმოების, დისტრიბუციის... სახელწოდება |
სეზანი, |
| გამოცემის, წარმოების, დისტრიბუციის... თარიღი |
2009. |
| 300 ## - ფიზიკური აღწერა |
| Extent |
68 გვ.; |
| Other physical details |
ილ; |
| Dimensions |
28 სმ. |
| 490 ## - სერიის ცნობა |
| Series statement |
პროექტი ჩვენ და "ვეფხისტყაოსანი" ; |
| Volume number/sequential designation |
წ 3. |
| 653 ## - INDEX TERM--UNCONTROLLED |
| Uncontrolled term |
ვეფხისტყაოსანი |
| 653 ## - INDEX TERM--UNCONTROLLED |
| Uncontrolled term |
შოთა რუსთაველი |
| 700 ## - ADDED ENTRY--PERSONAL NAME |
| Personal name |
ღვინჯილია, ლევან |
| Relator term |
რედაქტორი |
| 9 (RLIN) |
310 |
| 700 ## - ADDED ENTRY--PERSONAL NAME |
| Personal name |
არაბული, ავთანდილ |
| Relator term |
ავტორი |
| 9 (RLIN) |
15555 |
| 700 ## - ADDED ENTRY--PERSONAL NAME |
| Personal name |
მალაზონია, მამია |
| Relator term |
ილუსტრატორი. |
| 9 (RLIN) |
15556 |
| 700 ## - ADDED ENTRY--PERSONAL NAME |
| Personal name |
ღვინჯილია, ლევან |
| Relator term |
რედაქტორი |
| 9 (RLIN) |
310 |
| 942 ## - ADDED ENTRY ELEMENTS (KOHA) |
| Koha item type |
წიგნი |
| Source of classification or shelving scheme |
|